| 000 | 00371nam a2200145Ia 4500 | ||
|---|---|---|---|
| 008 | 240624s9999 xx 000 0 und d | ||
| 041 | _aeng | ||
| 082 | _a658.3 PAS | ||
| 100 | _aPASSMORE JONATHAN | ||
| 245 | _aEXCELLENCE IN COACHING THE INDUSTRY GUID | ||
| 250 | _a(3rd ed.) | ||
| 260 |
_c2016 _aLondon _bKogan Page |
||
| 300 | _axxii, 336 p.; 23 cm. | ||
| 365 |
_c _b38 |
||
| 999 |
_c29046 _d29046 |
||